[Event "ISR-ch"]
[Site "Maalot Tarshiha"]
[Date "2018.12.20"]
[Round "9"]
[White "Mordechai, Hanan"]
[Black "Galburd, Yan"]
[Result "0-1"]
[WhiteElo "2310"]
[BlackElo "2382"]
[PlyCount "54"]
[EventDate "2018.12.12"]
[EventType "swiss"]
[EventRounds "9"]
[EventCountry "ISR"]
[SourceTitle "CBM 187 Extra"]
[Source "ChessBase"]
[SourceDate "2018.11.04"]
[SourceVersion "1"]
[SourceVersionDate "2018.11.04"]
[SourceQuality "1"]

1. e4 e6 2. d4 d5 3. Nc3 Bb4 4. e5 c5 5. a3 Ba5 6. b4 cxd4 7. Nb5 Bc7 8. f4 Bd7 9. Nxd4 Nc6 10. Ngf3 Rc8 11. Bb2 Nge7 12. Bd3 Nxd4 13. Nxd4 Bb6 14. 0-0 g6 15. Kh1 Ba4 16. g4 Nc6 17. Nf3 h5 18. gxh5 Rxh5 19. Rc1 Be3 20. Rb1 Bxf4 21. Qe2 Qc7 22. Rbe1 d4 23. Bb5 Bxb5 24. Qxb5 a6 25. Qc5 Nxe5 26. Qxc7 Rxc7 27. Nxe5 Bxe5 0-1

[Event "ISR-ch"]
[Site "Maalot Tarshiha"]
[Date "2018.12.17"]
[Round "6"]
[White "Mordechai, Hanan"]
[Black "Lukin, Elisha"]
[Result "1-0"]
[WhiteElo "2310"]
[BlackElo "2280"]
[PlyCount "69"]
[EventDate "2018.12.12"]
[EventType "swiss"]
[EventRounds "9"]
[EventCountry "ISR"]
[SourceTitle "CBM 187 Extra"]
[Source "ChessBase"]
[SourceDate "2018.11.04"]
[SourceVersion "1"]
[SourceVersionDate "2018.11.04"]
[SourceQuality "1"]

1. e4 e6 2. d4 d5 3. Nc3 Bb4 4. e5 c5 5. a3 Bxc3+ 6. bxc3 Qa5 7. Bd2 Qa4 8. Qg4 Kf8 9. Qd1 b6 10. dxc5 bxc5 11. Nf3 Ba6 12. Bxa6 Qxa6 13. Qe2 Ne7 14. Rb1 Qc6 15. 0-0 h6 16. h4 Nd7 17. h5 g5 18. Nh2 Qa4 19. Bc1 Qc4 20. Qxc4 dxc4 21. Rb7 Ke8 22. f4 Nd5 23. Ng4 Nxc3 24. fxg5 hxg5 25. Bxg5 Ne4 26. Rd1 Nb6 27. Nf6+ Nxf6 28. Bxf6 Rxh5 29. Rxa7 Rc8 30. Rd6 Nd5 31. Rdd7 Rh7 32. a4 c3 33. a5 Rb8 34. a6 Nb4 35. Rab7 1-0